000 00667nab a2200265 a 4500
001 57065
003 128236
005 20201118103259.0
008 ||||||n9999 ||| || ||
041 _aspa
100 _aAdriano, Andreas
245 0 _aMajestad amenazada
260 _aChile :
_bVision Incorporated,
_c1998.
300 _app.72-73
562 _e0
650 _aADMINISTRACIÓN DE EMPRESAS
650 _aANÁLISIS DE CASOS
650 _aBRASIL
650 _aCOMPETENCIAS
650 _aDEMANDA
650 _aESTUDIOS DE POSGRADO
650 _aORGANIZACIONES DE ENSEÑANZA
773 _056129
_aAmérica Economía - No.141
942 _cSART
999 _c57065
_d57065